MANUAL ON FRESH AND PROCESSED VEGETABLES CERTIFICATION IN PHILIPPINES / (Record no. 10428)

MARC details
000 -LEADER
fixed length control field 00935nam a22002537a 4500
001 - CONTROL NUMBER
control field 13112
003 - CONTROL NUMBER IDENTIFIER
control field HDC
007 - PHYSICAL DESCRIPTION FIXED FIELD--GENERAL INFORMATION
fixed length control field cr bn ---
008 - FIXED-LENGTH DATA ELEMENTS--GENERAL INFORMATION
fixed length control field 210212 my |0 eneng
040 ## - CATALOGING SOURCE
Original cataloging agency HDC
100 ## - MAIN ENTRY--PERSONAL NAME
Personal name Lantican, Josefina M.
Relator term author
9 (RLIN) 13940
245 #0 - TITLE STATEMENT
Title MANUAL ON FRESH AND PROCESSED VEGETABLES CERTIFICATION IN PHILIPPINES /
Statement of responsibility, etc. by Josefina M. Lantican, Rene Cris P. Rivera, Jude Ray P. Laguna
260 ## - PUBLICATION, DISTRIBUTION, ETC.
Place of publication, distribution, etc. [No place] :
Name of publisher, distributor, etc. [publisher not identified],
Date of publication, distribution, etc. [no year]
300 ## - PHYSICAL DESCRIPTION
Extent 54 pages
336 ## - CONTENT TYPE
Content type term text
Source rdacontent
337 ## - MEDIA TYPE
Media type term computer
Source rdamedia
338 ## - CARRIER TYPE
Carrier type term online resource
Source rdacarrier
650 ## - SUBJECT ADDED ENTRY--TOPICAL TERM
Topical term or geographic name entry element agricultural practices
9 (RLIN) 13941
650 ## - SUBJECT ADDED ENTRY--TOPICAL TERM
Topical term or geographic name entry element Gap certification
9 (RLIN) 13498
856 ## - ELECTRONIC LOCATION AND ACCESS
Public note Request full-text at [email protected]
942 ## - ADDED ENTRY ELEMENTS (KOHA)
Source of classification or shelving scheme Library of Congress Classification
942 ## - ADDED ENTRY ELEMENTS (KOHA)
Koha item type E-Book
942 ## - ADDED ENTRY ELEMENTS (KOHA)
Call number prefix EBOK 002066
Holdings
Withdrawn status Lost status Source of classification or shelving scheme Damaged status Not for loan Home library Current library Shelving location Date acquired Total checkouts Full call number Date last seen Price effective from Koha item type
    Library of Congress Classification     Halal Development Corporation Library Halal Development Corporation Library Open Shelves 24/05/2023   EBOK 002066 24/05/2023 24/05/2023 E-Book
Halal Development Corporation Berhad (HDC)
5.02 Level 5, KPMG Tower, First Avenue, Persiaran Bandar Utama, 47800 Petaling Jaya, Selangor Darul Ehsan
Phone: +603 7965 5489 Email: [email protected]